| 000 | 00465nam a2200169 i 4500 | ||
|---|---|---|---|
| 001 | 77055 | ||
| 003 | ES-MaACL | ||
| 005 | 20251003063107.0 | ||
| 007 | t| | ||
| 008 | 041006s1901 fr ||||1| fre d | ||
| 100 | 1 |
_aGuyot, Yves, _d1843-1928 _961276 |
|
| 245 | 1 | 3 |
_aLa question des Sucres en 1901 / _cYves Guyot. |
| 260 |
_aParis : _bBureaux du SiƩcle, _c1901 ( _fGuillaumin) |
||
| 852 |
_aES-MaACL _jT-986-F-7 |
||
| 942 | _2udc | ||
| 999 |
_c77055 _d77055 |
||